| 000 | 00655nam a2200205Ia 4500 | ||
|---|---|---|---|
| 003 | IN-BaIIA | ||
| 008 | 211028s9999 xx 000 0 eng d | ||
| 040 | _cIIA Library | ||
| 080 |
_a083.7:696.121 _bISI |
||
| 110 | _aIndian Standards Institution | ||
| 245 | 0 |
_aIndian standard code of practice for fixing rain water gutters and downpipes for roof drainage _cIndian Standards Institution |
|
| 260 |
_aNew Delhi _bIndian Standards Institution _c1963 |
||
| 300 | _a15p. | ||
| 500 | _aIS 2527 : 1963 | ||
| 650 |
_a Rain Water Gutters _98820 |
||
| 650 |
_a Roof Drainage _98821 |
||
| 650 | _a Standards | ||
| 650 | _aNASA Thesaurus | ||
| 942 | _cBK | ||
| 999 |
_c4925 _d4925 |
||